00297nam a2200121Ia 4500008004100000041000800041082001500049100001400064245003600078260001900114300003300133365000900166240624s9999 xx 000 0 und d aeng a005.57 DAL aQUANTUMPM aMICROSOFT PROJECT 2010 IN DEPTH c2011aUSAbQUE axviii, : 959 : p. : cm. ; 23 cb30